Técnicas de investigación social /

Gardado en:
Detalles Bibliográficos
Autor Principal: Ander-Egg, Ezequiel (autor)
Formato: Libro
Idioma:Lingua castelá
Publicado: Buenos Aires, Argentina : El Ateneo, 1994, c1987
Edición:23a edición
Temas:
Etiquetas: Engadir etiqueta
Sen Etiquetas, Sexa o primeiro en etiquetar este rexistro!

MARC

LEADER 00000nam^a2200000^a^4500
001 000038428
005 20250521000000.0
009 20260310085504.189
020 |a 968-475-0137 
037 |a Acervo ITESO - Biblioteca 
041 |a ESP 
082 |a 300. 1  |b AND 
100 |a Ander-Egg, Ezequiel  |e (autor) 
240 1 1 |a [Introducción a las técnicas de investigación social para trabajadores sociales] 
245 1 0 |a Técnicas de investigación social /  |c E. Ander-Egg. 
250 |a 23a edición 
264 4 |a Buenos Aires, Argentina :  |b El Ateneo,  |c 1994, c1987 
300 |a 500 p. 
336 |a texto  |b txt  |2 rdacontenido 
337 |a sin mediación  |b n  |2 rdamedio 
338 |a volumen  |b nc  |2 rdasoporte 
649 |a XX 
650 |a Método Científico 
650 |a Investigación -  |x Informes 
650 |a Investigación -  |x Metodología 
650 |a Ciencias Sociales -  |x Investigación 
650 |a Ciencias Sociales -  |x Metodología 
650 |a Metodología 
910 |a Fondo General 
920 |a Impresos - Libros 
930 |a Colección General 
905 |a 101 
901 |a 0384280100  |b IT1  |c ACC  |i 038428  |u 20250521 
902 |a https://opac.biblio.iteso.mx/vufind/Record/000038428